Statistics for Batman Movies (1966-2025)

Click here to take the quiz!

General Stats

  • This quiz has been taken 32 times
  • The average score is 9 of 11

Answer Stats

YearMovie% Correct
1966Batman
100%
1989Batman
100%
2022The Batman
100%
2008The Dark Knight
97%
2005Batman Begins
90%
2012The Dark Knight Rises
90%
1997Batman And Robin
87%
1995Batman Forever
83%
1992Batman Returns
80%
2025The Batman Part II
23%
TBAThe Brave And The Bold
23%

Score Distribution

Percentile by Number Answered

Percent of People with Each Score

Your Score History

You have not taken this quiz